Jogadores de futebol com nomes difíceis - Statistics

Estatísticas Gerais
  • Esse quiz foi jogado 191 vezes
  • A pontuação média é 5 de 13
Estatísticas das Respostas
Imagem Hint Resposta % Correto
Lewandowski
88%
Nome completo Thibaut Courtois
65%
Kvaratskhelia
56%
Schweinsteiger
52%
Alderweireld
38%
Szczesny
35%
Szoboszlai
25%
Hojbjerg
24%
Mkhitaryan
22%
Schlotterbeck
19%
Vrsaljko
19%
Papastathopoulos
15%
Blaszczykowski
8%
Nenhum quiz correspondente encontrado
Distribuição das Pontuações
Porcentagem de Pessoas com Cada Pontuação
Percentil de Números Respondidos
Sua Pontuação Histórica
Você não jogou esse quiz